[Event "HUN-chT2 Asztalos 2324"]
[Site "Hungary"]
[Date "2024.04.07"]
[Round "7.10"]
[White "Grunwald, Geza"]
[Black "Kortelyesi, Richard"]
[Result "1-0"]
[WhiteElo "1808"]
[BlackElo "1757"]
[PlyCount "105"]
[EventDate "2023.10.08"]
[EventType "team-tourn"]
[EventRounds "9"]
[EventCountry "HUN"]
[SourceTitle "EXT 2025"]
[Source "ChessBase"]
[SourceDate "2024.10.14"]
[SourceVersion "1"]
[SourceVersionDate "2024.10.14"]
[SourceQuality "1"]
[WhiteTeam "Komlo"]
[BlackTeam "Racalmas Kiralysakk"]
[WhiteTeamCountry "HUN"]
[BlackTeamCountry "HUN"]

1. d4 d5 2. c4 e6 3. Nc3 f5 4. e3 Nf6 5. Nf3 c6 6. Bd3 Bd6 7. h3 0-0 8. 0-0 Ne4 9. Ne5 Nd7 10. f4 Qh4 11. Bd2 g5 12. Be1 Qh6 13. Rf3 Nxe5 14. dxe5 g4 15. Bxe4 gxf3 16. Bxf3 Bc5 17. Bf2 Kh8 18. Kh2 Be7 19. cxd5 exd5 20. Ne2 Be6 21. Nd4 Rg8 22. Nxe6 Qxe6 23. g4 b5 24. Qc2 fxg4 25. Bxg4 Rxg4 26. hxg4 Qxg4 27. Qd1 Qg6 28. Qf3 Rg8 29. f5 Qh6+ 30. Qh3 Qxh3+ 31. Kxh3 Rf8 32. f6 Bxf6 33. exf6 Rxf6 34. Bg3 Re6 35. Bf4 Rg6 36. Be5+ Kg8 37. Rf1 Re6 38. Bd4 a5 39. Kg4 Rg6+ 40. Kf5 Kf7 41. Ke5+ Ke7 42. Bc5+ Kd8 43. Rf6 Rg2 44. Bd4 Rc2 45. Kd6 Ke8 46. Rh6 c5 47. Bxc5 Rxb2 48. a3 b4 49. axb4 axb4 50. Kxd5 b3 51. Rxh7 Rb1 52. Bd4 Kd8 53. Rb7 1-0

[Event "HUN-chT2 Asztalos 2324"]
[Site "Hungary"]
[Date "2024.03.10"]
[Round "6.10"]
[White "Bogar, Gabor"]
[Black "Grunwald, Geza"]
[Result "1/2-1/2"]
[WhiteElo "1860"]
[BlackElo "1806"]
[PlyCount "32"]
[EventDate "2023.10.08"]
[EventType "team-tourn"]
[EventRounds "9"]
[EventCountry "HUN"]
[SourceTitle "EXT 2025"]
[Source "ChessBase"]
[SourceDate "2024.10.14"]
[SourceVersion "1"]
[SourceVersionDate "2024.10.14"]
[SourceQuality "1"]
[WhiteTeam "Szentlorinc"]
[BlackTeam "Komlo"]
[WhiteTeamCountry "HUN"]
[BlackTeamCountry "HUN"]

1. d4 e6 2. c4 d5 3. Nc3 Nf6 4. Nf3 Nc6 5. Bg5 Be7 6. e3 0-0 7. Bd3 h6 8. Bh4 a6 9. 0-0 dxc4 10. Bxc4 b5 11. Bd3 Nb4 12. Bxf6 Bxf6 13. Be4 Nd5 14. Nxd5 exd5 15. Bd3 c5 16. Rc1 c4 1/2-1/2

[Event "HUN-chT2 Asztalos 2122"]
[Site "Hungary"]
[Date "2022.02.27"]
[Round "7.6"]
[White "Javor, Sandor"]
[Black "Grunwald, Geza"]
[Result "1-0"]
[WhiteElo "2094"]
[BlackElo "1714"]
[PlyCount "61"]
[EventDate "2021.10.10"]
[EventType "team-tourn"]
[EventRounds "9"]
[EventCountry "HUN"]
[SourceTitle "EXT 2025"]
[Source "ChessBase"]
[SourceDate "2024.10.14"]
[SourceVersion "1"]
[SourceVersionDate "2024.10.14"]
[SourceQuality "1"]
[WhiteTeam "Baja Spartacus"]
[BlackTeam "Komlo Banyasz II"]
[WhiteTeamCountry "HUN"]
[BlackTeamCountry "HUN"]

1. e4 e6 2. f4 d5 3. e5 c5 4. Nf3 Nc6 5. g3 Bd7 6. Bg2 Qb6 7. 0-0 Nge7 8. d3 Nf5 9. c3 d4 10. c4 Qd8 11. Qe2 Rb8 12. Ng5 Be7 13. Ne4 b5 14. cxb5 Rxb5 15. Na3 Rb8 16. b3 a6 17. Bd2 Nb4 18. Rfc1 Rc8 19. Nc4 Bb5 20. g4 Bxc4 21. Rxc4 Nh4 22. Bh1 f5 23. Ng3 g6 24. gxf5 gxf5 25. Bxb4 cxb4 26. Qc2 Kf7 27. Rc1 Rxc4 28. Qxc4 Ng6 29. Rf1 Qc8 30. Bc6 Bh4 31. Nxf5 1-0

[Event "HUN-chT2 Asztalos 1617"]
[Site "Hungary"]
[Date "2016.10.30"]
[Round "3.10"]
[White "Grunwald, Geza"]
[Black "Bognar, Krisztian"]
[Result "0-1"]
[WhiteElo "1870"]
[BlackElo "1588"]
[PlyCount "64"]
[EventDate "2016.09.25"]
[EventType "team-tourn"]
[EventRounds "11"]
[EventCountry "HUN"]
[SourceTitle "EXT 2021"]
[Source "ChessBase"]
[SourceDate "2020.10.23"]
[SourceVersion "1"]
[SourceVersionDate "2020.10.23"]
[SourceQuality "1"]
[WhiteTeam "Komlo Banyasz II"]
[BlackTeam "Baja"]
[WhiteTeamCountry "HUN"]
[BlackTeamCountry "HUN"]

1. d4 d5 2. c4 e6 3. Nc3 f5 4. cxd5 exd5 5. e3 c6 6. Nf3 Bd6 7. Bd3 Qe7 8. 0-0 Nf6 9. Qc2 g6 10. Re1 0-0 11. a3 Ne4 12. b4 a6 13. Rb1 Nd7 14. a4 Bxb4 15. Bd2 Nxd2 16. Qxd2 Bd6 17. Ne2 Nf6 18. Nf4 Ne4 19. Qb2 g5 20. Ne2 Re8 21. Rf1 h5 22. g3 h4 23. gxh4 g4 24. Bxe4 fxe4 25. Ne1 Qxh4 26. Ng3 Re7 27. Kg2 Qh3+ 28. Kg1 Rh7 29. f4 gxf3 30. Nxf3 Bxg3 31. Qg2 Qxg2+ 32. Kxg2 Bd6 0-1

[Event "HUN-chT2 Asztalos 1516"]
[Site "Hungary"]
[Date "2015.11.29"]
[Round "5.7"]
[White "Grunwald, Geza"]
[Black "Percze, Janos"]
[Result "1/2-1/2"]
[WhiteElo "1857"]
[BlackElo "2142"]
[PlyCount "89"]
[EventDate "2015.09.13"]
[EventType "team-tourn"]
[EventRounds "11"]
[EventCountry "HUN"]
[SourceTitle "CBM 170 Extra"]
[Source "ChessBase"]
[SourceDate "2016.02.25"]
[SourceVersion "1"]
[SourceVersionDate "2016.02.25"]
[SourceQuality "1"]
[WhiteTeam "Komlo Banyasz"]
[BlackTeam "Nagyatad"]
[WhiteTeamCountry "HUN"]
[BlackTeamCountry "HUN"]

1. d4 f5 2. c4 Nf6 3. Nc3 g6 4. Bf4 Bg7 5. Nf3 d6 6. Qc2 0-0 7. Rd1 Nh5 8. Bc1 Qe8 9. Nd5 Na6 10. e3 c6 11. Nf4 Nf6 12. c5 e5 13. dxe5 dxe5 14. Bxa6 bxa6 15. Ne2 e4 16. Nfd4 Nd5 17. Qc4 Be6 18. Nxe6 Qxe6 19. Nd4 Bxd4 20. Rxd4 Rab8 21. a3 Rb5 22. 0-0 Qe7 23. b4 Kg7 24. Bb2 Kh6 25. Qc1 a5 26. f3 axb4 27. axb4 Rxb4 28. fxe4 fxe4 29. Rxf8 Qxf8 30. Rxb4 Nxb4 31. Qe1 Qxc5 32. Bd4 Qe7 33. Qg3 g5 34. Qh3+ Kg6 35. g4 h6 36. Qf1 Qe6 37. h3 Qf7 38. Qc1 Qf3 39. Qc4 Qg3+ 40. Kf1 Qxh3+ 41. Kg1 Qxg4+ 42. Kh2 a5 43. Qg8+ Kh5 44. Qf7+ Kh4 45. Qf2+ 1/2-1/2